| 000 | 00559nam a2200169 a 4500 | ||
|---|---|---|---|
| 005 | 20210223124306.0 | ||
| 008 | 010725s1997 r 000 0 eng d | ||
| 035 | _aUPN01000110066 | ||
| 049 | _aCG | ||
| 050 | 4 |
_aE409.5 T4 _bE3.3 |
|
| 100 | 1 |
_aEdwards, Richard Mitchell, _d1822-1907 _919012 |
|
| 245 | 1 | 0 |
_aDown the Tennessee : _bthe Mexican War reminiscences of an east tennessee volunteer / _cR. M. Edwards. |
| 260 |
_aE.U.A : _bStewart Lillard, _c1997. |
||
| 300 |
_a146 p. : _bil. |
||
| 600 | 1 | 4 |
_aEDWARDS, RICHARD MITCHELL, _d1822-1907 _919012 |
| 905 | _aLibro | ||
| 999 |
_c83975 _d83975 |
||